000 00831cab a2200229 4500
001 ABS45786
008 090401t1992 xxu||||| |||| 00| 0 eng d
035 _a(Sirsi) u55049
041 _aeng
100 _aLuba, J.
245 4 _aThe property lawyer and the low income client
260 _c1992
350 _a0
490 _aSolicitors` Journal
_v136(4) 31 January 1992, 90-91(2)
520 _aAdvises solicitors instructed for property cases by clients on the lowest of incomes. Addresses rent and mortgage problems of those on welfare benefit or who have defaulted on loan repayments, or who are in dispute with landlords.
650 _aHOUSING BENEFIT
650 _aINCOME SUPPORT (GENERAL) REGULATIONS 1987
650 _aINCOME SUPPORT
690 _aPROPERTY LAW AND PRACTICE
942 _n0
948 _c04/03/1997
999 _c33672
_d33672